"Проект устава уголовного судопроизводства в царстве Польском" /на русск. и польск. яз./

Доступно только в Электронных читальных залах Найти на картеНа карте
RUSMARC
00004112nac2a22002773x 450
0016d59ddad-7e10-46f5-bfe1-e8568fa16a4d
00520211220103347.0
100##$a20211122l1864 k y0rusy50 ca
1010#$arus
$apol
102##$aRU
105##$ay z |||||
1220#$ad18641231
2001#$a"Проект устава уголовного судопроизводства в царстве Польском" /на русск. и польск. яз./
$j1864
215##$a161 лист
251##$cДело
300##$aЗаголовок дела на папке: "Проект устава уголовного судопроизводства в царстве Польском". 1864 г.
300##$aЧасть текста на польском языке
300##$aТипографский и рукописный текст
330##$aВходит в раздел описи: 1. Материалы о служебной деятельности. с/ Польша
461#0$1001702d5e87-6901-4c63-8165-d848da7b6444
$12001
$aАрцимович Виктор Антонович, сенатор, Тобольский (1854-1858 гг.) и Калужский (1858-1862 гг.) губернатор, вице-председатель государственного совета Царства Польского (С 1863 г.)
$1251
$cФонд
$1852
$j815
462#0$1001559b76c2-49f1-4f4f-bd3c-238599c7510c
$12001
$aДела постоянного хранения. 1821-1891
$vД. 320
$1251
$cОпись
$1852
$j1
5171#$a"Проект устава уголовного судопроизводства в царстве Польском". 1864 г.
600#1$aАрцимович
$bВ. А.
$gВиктор Антонович
801#0$aRU
$bGA_RF
801#1$aRU
$bГлавНИВЦ
$c20211122
$2rusmarc
801#2$aRU
$bПБ им. Б.Н. Ельцина
$c20211220
$gRCR
$2rusmarc
852##$aГА РФ
$j320
937##$d171840620
$hГАРФ
035##$aRuPRLIB51061773
856##$uhttp://readingroom.main.prlib.ru/item.aspx?id_node=n171840620&mode=full
Формат отображения